5G Technology. 3GPP New Radio /

Gespeichert in:
Bibliographische Detailangaben
Weitere Verfasser: Holma, Harri (Herausgegeben von), Toskala, Antti (Herausgegeben von), Nakamura, Takehiro (Herausgegeben von)
Format: Buch
Sprache:Englisch
Veröffentlicht: New York : Wiley, 2020
Ausgabe:1. vydanie
Tags: Tag hinzufügen
Keine Tags, Fügen Sie das erste Tag hinzu!

MARC

LEADER 00000nam a22000003a 4500
001 0087365
003 SK-STU
005 20210302123743.6
007 ta
008 210302s ----xo-----e------000-0-----d
020 |a 978-1-119-23631-3 
040 |a STU  |b slo 
041 0 |a eng 
044 |a xxu 
100 1 |a Holma, Harri  |4 edt 
245 1 0 |a 5G Technology. 3GPP New Radio /  |c ed. Harri Holma ; ed. Antti Toskala, Takehiro Nakamura 
250 |a 1. vydanie 
260 |a New York :  |b Wiley,  |c 2020 
300 |a 506 s. 
700 1 |a Toskala, Antti  |4 edt 
700 1 |a Nakamura, Takehiro  |r Z6  |4 edt 
996 |b 284EK90251  |c E* 90251  |l EE39  |s P  |a 0  |w 0087365_0001